| 000 | 01154nam a22003377a 4500 | ||
|---|---|---|---|
| 003 | CHAP | ||
| 005 | 20220329141447.0 | ||
| 008 | 971013s1988 r 10010 d | ||
| 010 | _a68515 | ||
| 011 | _a69487 | ||
| 035 | _a78963 | ||
| 040 | _cCHAP | ||
| 082 |
_a634.3 _bS45 1987 |
||
| 111 | 0 | 0 |
_aSeminario de Citricultura ( _d1987 _c: Mérida, Yuc.) _9104027 |
| 245 | _aMemoria | ||
| 260 |
_aMéxico : _bFIRA, _c1988 |
||
| 300 | _a109 p. | ||
| 500 | _a29-152 | ||
| 500 | _ac.3 Colec. Congresos | ||
| 590 |
_aBATCH-UPD _b10 _c20130110 _lUCH01 _h1805 |
||
| 590 |
_aBATCH-UPD _b10 _c20130410 _lUCH01 _h1140 |
||
| 590 |
_aBATCH-UPD _b10 _c20130914 _lUCH01 _h0959 |
||
| 590 |
_aCONVERSION _b10 _c20130109 _lUCH01 _h1338 |
||
| 650 | 1 | 4 |
_aCítricos. _924392 |
| 901 | _aBK | ||
| 942 | _cLIBRO | ||
| 949 |
_a634.3 S45 1987 _bBC _cCONG _d-95308 _eCONG _fc.2 _gI.142943 _h74117 _i78963 _si _t8.40 |
||
| 949 |
_a634.3 S45 1987 _bBC _cLIBRO _d33724000204707 _eLIBRO _fc.3 _gI.142944 _h74118 _i78963 _si _t8.40 |
||
| 949 |
_a634.3 S45 1987 _bBC _cLIBRO _d33724000224820 _eLIBRO _gI.142942 _h74116 _i78963 _si _t8.40 |
||
| 949 |
_a634.3 S45 1987 _bCIESTAM _cLIBRO _d789631 _eLIBRO _h121 _i78963 _sb |
||
| 999 |
_c68515 _d68515 |
||